000 00547nam a2200181 i 4500
001 bg
245 0 0 _aGospodarstwo agroturystyczne :
_bporadnik /
_c[red. Lucjan Powichrowski].
260 _aWarszawa :
_bMinisterstwo Pracy i Polityki Socjalnej,
_c1998.
300 _a228 s., [10] k. tabl. :
_bfot. kolor. ;
_c21 cm.
650 9 _aAgroturystyka
655 _aPoradniki
700 1 _aPOWICHROWSKI, Lucjan.
_eRed.
040 _cBPK
041 0 _apol
080 _a338.48:338.43](083.1)
942 _cKS
008 s pl f |000 0 pol
999 _c46916
_d46916
856 _uhttp://koha.tu.koszalin.pl/cgi-bin/koha/opac-detail.pl?biblionumber=46916
_yKatalog online BPK